000 00818nam a2200241 a 4500
001 69683
003 BD-RjUL
005 20211209081920.0
008 170413s1963 nyua 001 0 eng d
035 _a(BD-RjUL)69895
040 _aDLC
_cDLC
_dBD-RjUL
_beng
041 _aeng
082 _a560
_223
_bAGP 1963
100 1 _aAger, D. V.
_q(Derek Victor)
_9206405
245 1 0 _aPrinciples of paleoecology :
_ban introduction to the study of how and where animals and plants lived in the past /
_cDerek V. Ager.
260 _aNew York ;
_aLondon :
_bMcGraw-Hill,
_c1963.
300 _aix, 371 p :
_bill. ;
_c24 cm.
504 _aBibliography (p.319-345) and index.
650 0 _aPaleoecology.
_9205744
830 0 _aInternational series in the earth and planetary sciences
_9206407
942 _2ddc
_cBK
999 _c69683
_d69683